Bez účtovníctva je to naozaj ťažké

Modelové riešenia situácií, keď podnikateľ nemôže preukázať účtovné doklady daňovému subjektu. Ako má podnikateľ postupovať v prípade odcudzenia alebo poškodenia účtovných dokladov. Rekonštrukcia účtovníctva. Vyrúbenie dane dohodou. Postup podľa zákona o správe daní a poplatkov.

Enregistré dans:
Détails bibliographiques
Auteur principal: Burák, Emil
Format: Chapitre de livre
Langue:slovaque
Sujets:
Tags: Ajouter un tag
Pas de tags, Soyez le premier à ajouter un tag!

MARC

LEADER 00000naa$a2200000$$$4500
001 0051650
005 20230719095629.8
041 0 |a slo 
044 |a SK 
245 1 0 |a Bez účtovníctva je to naozaj ťažké  |c Emil Burák 
520 |a Modelové riešenia situácií, keď podnikateľ nemôže preukázať účtovné doklady daňovému subjektu. Ako má podnikateľ postupovať v prípade odcudzenia alebo poškodenia účtovných dokladov. Rekonštrukcia účtovníctva. Vyrúbenie dane dohodou. Postup podľa zákona o správe daní a poplatkov. 
610 2 0 |a podnikatelia 
610 2 0 |a podnik malý 
610 2 0 |a podnik stredný 
610 2 0 |a účtovníctvo 
610 2 0 |a dane 
610 2 0 |a zdaňovanie 
610 2 0 |a kontrola daňová 
610 2 0 |a úrady daňové 
610 2 0 |a rekonštrukcia 
610 2 0 |a dohody 
100 1 |a Burák, Emil